Mestečko Wayward Pines 2. časť trilógie Nevyspytateľný

Bibliographic Details
Main Author: Crouch, Blake, 1978- (Author)
Other Authors: Filadelfi, Zuzana (Translator)
Format: Book
Language:Slovak
English
PhysicalDescription:333 s. 21 cm
Published: [Šamorín] Zelený Kocúr 2017
ISBN:9788089761364
Subjects:

MARC

LEADER 00000cam a2200000 a 4500
001 vtls011635056
003 SK-MaSNL
005 20260302053131.0
008 200507s2017 xo g 000 fdslo
015 |a SNBA2017/09 
020 |a 9788089761364  |q (brož.) 
035 |a urn:nbn:sk:snk-am00dzkb 
035 |a urn:nbn:sk:snk-am3i9w8 
035 |a 51DE2490-B87C-4AEB-846A-E64A6CD257A0 
040 |a SNK  |b slo  |c SNK  |e AACR2 
041 1 |a slo  |h eng 
044 |a xo  |c SK 
072 7 |a 821.111(73)-3  |x Americká próza  |2 konspekt 
080 |a 821.111(73)-31  |2 2011 
080 |a (0:82-312.4)  |2 2011 
100 1 |a Crouch, Blake,  |d 1978-  |4 aut  |9 174571 
240 1 0 |a Wayward  |l Slovensky 
245 1 0 |a Mestečko Wayward Pines  |n 2. časť trilógie  |p Nevyspytateľný  |c Blake Crouch ; [z anglického originálu preložila Zuzana Filadelfi] 
246 3 0 |a Nevyspytateľný 
260 |a [Šamorín]  |b Zelený Kocúr  |c 2017 
300 |a 333 s.  |c 21 cm 
500 |a Miesto vydania podľa ISBN 
500 |a Názov z obalu 
500 |a Na obale v hornej časti uvedené: Televízny seriál Stanice FOX 
504 |a Biografické údaje o autorovi 
655 7 |a americké romány  |2 SNKPH  |9 1174 
655 7 |a trilery (romány)  |2 SNKPH  |9 151146 
655 7 |a American fiction  |2 SNKPHeng  |9 281076 
655 7 |a Thrillers (novels)  |2 SNKPHeng  |9 310918 
700 1 |a Filadelfi, Zuzana  |4 trl  |9 165257 
919 |a 978-80-89761-36-4 
958 |a LX 
958 |a UP 
968 |b ENG 
999 |c 1108167  |d 1110097 
952 |a SNK  |b SNK  |y PREZ  |7 0  |p 17A1270246  |o snkSC 172221/2  |i snk2017/18592  |8 0  |0 0  |1 0  |4 0  |d 2017-08-21  |f 1  |l 0  |r 2025-09-10 00:00:00  |w 2026-02-24 
952 |a SNK  |b SNK  |y PREZ  |7 0  |p 17A1270247  |o snkSC 172221/2 D1  |i snk2017/18593  |8 0  |0 0  |1 0  |4 0  |d 2017-08-21  |l 0  |r 2026-02-24 17:52:02  |w 2026-02-24